Calling it a day (Record no. 68080)

MARC details
000 -LEADER
fixed length control field 01468cam a2200241 4500
001 - CONTROL NUMBER
control field X114321
008 - FIXED-LENGTH DATA ELEMENTS--GENERAL INFORMATION
fixed length control field 010823n2001 000 0 eng u
035 ## - SYSTEM CONTROL NUMBER
System control number (Sirsi) u114321
100 ## - MAIN ENTRY--PERSONAL NAME
Personal name Button, R
245 ## - TITLE STATEMENT
Title Calling it a day
260 ## - PUBLICATION, DISTRIBUTION, ETC.
Date of publication, distribution, etc. 2001
490 ## - SERIES STATEMENT
Series statement CSM
-- Chartered Surveyor Monthly
Volume/sequential designation (7&8) July/August 2001, 32(1)
520 ## - SUMMARY, ETC.
Summary, etc. Discusses the legal problems that can arise at the termination of a contract. Often termination can only happen under a certain provision in the contract but it is not always the case. Though, even with a clause, it is not always easy to decide if the contractor has failed in his duties or just doing his best in difficult circumstances and should be allowed an extension of time. Article examines a case, "Rice v Great Yarmouth BC"(CA [2003] TCLR 1], where the clause had allowed a party the right to terminate in the event of any breach of contract by the other. The court decided that the breaches were not serious enough to warrant termination; this implies that clauses need to be drafted in very specific terms. Concludes that the financial consequences for a party who has wongfully terminated a contract can be severe.
590 ## - LOCAL NOTE (RLIN)
Local note ABS
650 ## - SUBJECT ADDED ENTRY--TOPICAL TERM
Topical term or geographic name entry element Contracts
9 (RLIN) 6232
650 ## - SUBJECT ADDED ENTRY--TOPICAL TERM
Topical term or geographic name entry element TERMINATION CLAUSES
650 ## - SUBJECT ADDED ENTRY--TOPICAL TERM
Topical term or geographic name entry element TERMINATION OF CONTRACT
650 ## - SUBJECT ADDED ENTRY--TOPICAL TERM
Topical term or geographic name entry element RICE V GREAT YARMOUTH BC
650 ## - SUBJECT ADDED ENTRY--TOPICAL TERM
Topical term or geographic name entry element BREACH OF CONTRACT
690 ## - LOCAL SUBJECT ADDED ENTRY--TOPICAL TERM (OCLC, RLIN)
Topical term or geographic name as entry element BUILT ENVIRONMENT-BUILDING CONTRACT FORMS
700 ## - ADDED ENTRY--PERSONAL NAME
Personal name Mills, R
942 ## - ADDED ENTRY ELEMENTS (KOHA)
Suppress in OPAC 0
Holdings
Withdrawn status Lost status Source of classification or shelving scheme Damaged status Not for loan Home library Current library Shelving location Date acquired Total Checkouts Full call number Barcode Date last seen Copy number Price effective from Koha item type
    Dewey Decimal Classification     London London Journal article 17/09/2001   X114321 114321-1001 06/08/2019 1 06/08/2019 Journal article